[Event "Saarland-ch C"]
[Site "Saarlouis Steinrausch"]
[Date "2005.03.19"]
[Round "2"]
[White "Backes, Christoph"]
[Black "Gross, Hans Robert"]
[Result "0-1"]
[WhiteElo "1245"]
[BlackElo "1473"]
[PlyCount "108"]
[EventDate "2005.03.18"]
[EventType "swiss"]
[EventRounds "9"]
[EventCountry "GER"]
[SourceTitle "EXT 2012"]
[Source "ChessBase"]
[SourceDate "2011.11.24"]
[SourceVersion "1"]
[SourceVersionDate "2011.11.24"]
[SourceQuality "1"]

1. d4 d5 2. c4 e6 3. Nf3 Nf6 4. Bg5 Be7 5. Nc3 c6 6. e3 Nbd7 7. cxd5 exd5 8. Bd3 0-0 9. Qc2 h6 10. Bh4 Re8 11. 0-0 Qc7 12. Bf5 Nf8 13. Bg3 Bd6 14. Be5 N6d7 15. Bxd6 Qxd6 16. e4 dxe4 17. Nxe4 Qf4 18. Bxd7 Bxd7 19. Nc5 Bf5 20. Qd2 Qxd2 21. Nxd2 b6 22. Na6 Re2 23. Nc4 Bd3 24. Rfc1 Rd8 25. Nb4 Rxd4 26. Nxd3 Rxd3 27. Kf1 Re6 28. Re1 Rd4 29. b3 Rxe1+ 30. Rxe1 Ne6 31. Ne5 c5 32. Nc6 Rd7 33. Ne5 Rd2 34. Re2 Rd1+ 35. Re1 Rxe1+ 36. Kxe1 Nd4 37. Kd2 Kf8 38. Kd3 Ke7 39. Nc4 Nc6 40. a3 Ke6 41. Ke4 f5+ 42. Ke3 g5 43. f4 Kd5 44. Nd2 Nd4 45. fxg5 hxg5 46. Kd3 b5 47. h3 a5 48. a4 Nxb3 49. axb5 Nxd2 50. Kxd2 c4 51. Kc3 Kc5 52. b6 Kxb6 53. Kxc4 Kc6 54. g3 f4 0-1